Zákon o sociálnej pomoci
Úplné znenie zákona č. 195/1998 Z.z. o sociálnej pomoci, ako vyplýva zo zmien a doplnení vykonaných zákonom č. 389/1998 Z.z., zákonom č. 155/1999 Z.z., zákonom č. 450/2000 Z.z., zákonom č. 416/2001 Z.z. a zákonom č. 567/2001 Z.z. Dokončenie.
Salvato in:
| Autore principale: | |
|---|---|
| Natura: | Capitolo di libro |
| Lingua: | slovacco |
| Soggetti: | |
| Tags: |
Nessun Tag, puoi essere il primo ad aggiungerne!!
|
MARC
| LEADER | 00000naa a2200000 4500 | ||
|---|---|---|---|
| 001 | r045240 | ||
| 005 | 20230807083622.5 | ||
| 041 | 0 | |a slo | |
| 044 | |a SK | ||
| 245 | 1 | 0 | |a Zákon o sociálnej pomoci |c Jana Buchelová |
| 520 | |a Úplné znenie zákona č. 195/1998 Z.z. o sociálnej pomoci, ako vyplýva zo zmien a doplnení vykonaných zákonom č. 389/1998 Z.z., zákonom č. 155/1999 Z.z., zákonom č. 450/2000 Z.z., zákonom č. 416/2001 Z.z. a zákonom č. 567/2001 Z.z. Dokončenie. | ||
| 610 | 2 | 0 | |a pomoc sociálna |
| 610 | 2 | 0 | |a zákony |
| 610 | 2 | 0 | |a služby sociálne |
| 100 | 1 | |a Buchelová, Jana | |